000 00489nam a22001937a 4500
003 MPLRDC
005 20220104142856.0
008 210129b ||||| |||| 00| 0 eng d
020 _a7-5427-0067-7
082 _a490.7 SSDY
100 _a山上定也
245 _a创造力与推理术
_c陈慧龄译
250 _a一版一刷
260 _a
_b上海科学普及出版社
_c1988
300 _b
490 _a创造学丛书
650 _a商学总论
942 _cBK
_o490.7 SSDY
999 _c34449
_d34439